Sustainability and disaster planning: What are the connections? (Record no. 512659)

000 -LEADER
fixed length control field 00563nam a2200181 4500
008 - FIXED-LENGTH DATA ELEMENTS--GENERAL INFORMATION
fixed length control field 191206b ||||| |||| 00| 0 eng d
100 ## - MAIN ENTRY--PERSONAL NAME
Personal name Homsy, George C.
245 ## - TITLE STATEMENT
Title Sustainability and disaster planning: What are the connections?
260 ## - PUBLICATION, DISTRIBUTION, ETC. (IMPRINT)
Name of publisher, distributor, etc Rural Sociology
300 ## - PHYSICAL DESCRIPTION
Extent 84(3), Sep, 2019: p.516-540.
650 ## - SUBJECT ADDED ENTRY--TOPICAL TERM
Topical term or geographic name as entry element Disaster planning
9 (RLIN) 14305
650 ## - SUBJECT ADDED ENTRY--TOPICAL TERM
Topical term or geographic name as entry element Sustainable development
9 (RLIN) 14306
700 ## - ADDED ENTRY--PERSONAL NAME
Personal name Liao, Lu
9 (RLIN) 14307
700 ## - ADDED ENTRY--PERSONAL NAME
Personal name Warner, Mildred E.
9 (RLIN) 14308
773 ## - HOST ITEM ENTRY
Main entry heading Rural Sociology
906 ## - LOCAL DATA ELEMENT F, LDF (RLIN)
Subject DIP Disaster management
942 ## - ADDED ENTRY ELEMENTS (KOHA)
Source of classification or shelving scheme
Item type Articles
Holdings
Withdrawn status Lost status Source of classification or shelving scheme Damaged status Not for loan Permanent location Current location Date acquired Serial Enumeration / chronology Barcode Date last seen Koha item type
          Indian Institute of Public Administration Indian Institute of Public Administration 2019-12-06 84(3), Sep, 2019: p.516-540. AR121999 2019-12-06 Articles

Powered by Koha